000 00356nam a2200133Ia 4500
008 150202s9999 xx 000 0 und d
020 _a671786466
050 _aFIC
_bFIC
100 _aPobards, Karen.
245 _aParadise country /
_cKaren Pobards.
260 _aNew York :
_bPocket Books,
_c2000.
300 _a436 pages :
_c18 cm.
650 _aFiction.
999 _c282361
_d282361